Normal view
MARC view
- Brand Management
Entry Topical Term
001 - CONTROL NUMBER
- control field: 1257
003 - CONTROL NUMBER IDENTIFIER
- control field: JO-AjAnu
005 - DATE AND TIME OF LATEST TRANSACTION
- control field: 20230606070517.0
008 - FIXED-LENGTH DATA ELEMENTS
- fixed length control field: 230606|| aca||aabn | a|a d
040 ## - CATALOGING SOURCE
- Original cataloging agency: JO-AjAnu
- Transcribing agency: JO-AjAnu
150 ## - HEADING--TOPICAL TERM
- Topical term or geographic name entry element: Brand Management
670 ## - SOURCE DATA FOUND
- Source citation: Work cat.: (JO-AjAnu)662: Sagar,Mahim/Deepali Singh/D.P.Agrawal/Achintya Gupta, author 1256, Brand Management